Salvador Dalí: catalog of a collection; (Record no. 25941)

000 -LEADER
fixed length control field 01166cam a2200301 4500
001 - CONTROL NUMBER
control field 1726800
003 - CONTROL NUMBER IDENTIFIER
control field OSt
005 - DATE AND TIME OF LATEST TRANSACTION
control field 20170201152647.0
008 - FIXED-LENGTH DATA ELEMENTS--GENERAL INFORMATION
fixed length control field 730212s1972 ohua c 001 0 eng
010 ## - LIBRARY OF CONGRESS CONTROL NUMBER
LC control number 73152939
040 ## - CATALOGING SOURCE
Original cataloging agency DLC
Transcribing agency DLC
Modifying agency DLC
050 00 - LIBRARY OF CONGRESS CALL NUMBER
Classification number ND813.D3
Item number S34
082 00 - DEWEY DECIMAL CLASSIFICATION NUMBER
Classification number 759.6
110 2# - MAIN ENTRY--CORPORATE NAME
Corporate name or jurisdiction name as entry element Salvador Dali Museum.
245 10 - TITLE STATEMENT
Title Salvador Dalí: catalog of a collection;
Remainder of title ninety-three oils, 1917-1970.
250 ## - EDITION STATEMENT
Edition statement [1st deluxe limited ed.]
260 ## - PUBLICATION, DISTRIBUTION, ETC. (IMPRINT)
Place of publication, distribution, etc. Cleveland (Beachwood), Ohio
Date of publication, distribution, etc. [1972]
300 ## - PHYSICAL DESCRIPTION
Extent 226, xxxvi p.
Other physical details illus. (part col.)
Dimensions 27 x 32 cm.
500 ## - GENERAL NOTE
General note On cover: Salvador Dalí: a collection.
500 ## - GENERAL NOTE
General note "Written ... by A. Reynolds Morse."
500 ## - GENERAL NOTE
General note Five hundred copies printed. No. 44.
500 ## - GENERAL NOTE
General note "The paintings in this catalog are in the Collection of Mr. and Mrs. A. Reynolds Morse."
600 10 - SUBJECT ADDED ENTRY--PERSONAL NAME
Personal name Dalí, Salvador,
Dates associated with a name 1904-1989.
600 10 - SUBJECT ADDED ENTRY--PERSONAL NAME
Personal name Morse, Albert Reynolds,
Dates associated with a name 1914-2000
General subdivision Art collections.
700 1# - ADDED ENTRY--PERSONAL NAME
Personal name Morse, Albert Reynolds,
Dates associated with a name 1914-2000.
906 ## - LOCAL DATA ELEMENT F, LDF (RLIN)
a 7
b cbc
c orignew
d 2
e ncip
f 19
g y-gencatlg
942 ## - ADDED ENTRY ELEMENTS (KOHA)
Source of classification or shelving scheme
Koha item type Hard Covered Materials
Classification part ND 813 .D3S34 1972
Holdings
Withdrawn status Lost status Source of classification or shelving scheme Damaged status Not for loan Home library Current library Shelving location Date acquired Source of acquisition Total Checkouts Full call number Barcode Date last seen Price effective from Koha item type
          MACHAKOS UNIVERSITY LIBRARY MACHAKOS UNIVERSITY LIBRARY Technical section 01/02/2017 Donation (BFA)   ND 813 .D3S34 1972 33609 06/07/2018 01/02/2017 Hard Covered Materials
© Machakos University Library, Along The Highway, Machakos Wote Rd, Machakos, Kenya P.O. Box 136 - 90100 Machakos - Kenya

Tel: ( +254 ) 723 805829 OR Fax : 044-20353 OR Email: library@mksu.ac.ke